MARC

LEADER 00000nam0a2200000 4500
001 332973
005 20231102004517.0
035 |a (RuTPU)RU\TPU\book\358968 
035 |a RU\TPU\book\358962 
090 |a 332973 
100 |a 20170605d1978 k y0rusy50 ca 
101 0 |a rus  |a geo  |a eng 
102 |a GE 
105 |a a z 001zy 
200 1 |a Технология разработки месторождений полезных ископаемых  |d Technology of development of mineral deposits  |e [сборник]  |f Грузинский государственный политехнический институт им. В. И. Ленина ; под ред. Э. И. Цискаришвили [и др.] 
210 |a Тбилиси  |c Изд-во ГПИ  |d 1978 
215 |a 111 с.  |c ил. 
225 1 |a Труды Грузинского политехнического института  |v № 6 (207) 
320 |a Библиогр. в конце статей 
510 1 |a Technology of development of mineral deposits  |z eng 
606 1 |a Месторождения полезных ископаемых  |x Разработка  |2 stltpush  |3 (RuTPU)RU\TPU\subj\42242  |9 61929 
610 1 |a горизонты 
610 1 |a вскрытие 
610 1 |a горные породы 
610 1 |a руда 
610 1 |a сооружения 
610 1 |a выработки 
610 1 |a реагенты 
610 1 |a флотация 
675 |a 622.2  |v 3 
702 1 |a Цискаришвили  |b Э. И.  |4 340 
712 0 2 |a Грузинский государственный политехнический институт им. В. И. Ленина  |c (Тбилиси)  |c (1959-1990)  |2 stltpush  |3 (RuTPU)RU\TPU\col\13604  |9 25717 
801 1 |a RU  |b 63413507  |c 20051205  |g PSBO 
801 2 |a RU  |b 63413507  |c 20170606  |g PSBO 
942 |c BK